000 00462nam a2200181 a 4500
001 18974
005 20180713212342.0
008 140415s1943 000 0 spa d
041 _aspa
082 _a833
_bPFA
100 1 _aPFANDL, LUDWIG
245 1 0 _aJUANA LA LOCA :
_bSU VIDA, SU TIEMPO, SU CULPA
250 _a4a ed.
260 _a[s.l.] :
_bESPASA-CALPE,
_c1943
300 _a161
490 _aAUSTRAL, 17
650 1 4 _aNOVELA ALEMANA
999 _c18974
_d18974